| 000 | 01236nab a22002537a 4500 | ||
|---|---|---|---|
| 999 |
_c6536 _d6536 |
||
| 003 | OSt | ||
| 005 | 20260223113029.0 | ||
| 008 | 190506c xxu||||| |||| 00| 0 spa d | ||
| 040 | _cPJ | ||
| 100 |
_94420 _aToledo Ríos, Rafael E. |
||
| 245 | 1 | 3 |
_aLa Convención sobre los Derechos de las Personas con Discapacidad, fuente jurídica de la Seguridad Social. Investigación (Parte III) / _cRafael E. Toledo Ríos. |
| 260 |
_aBuenos Aires : _bAbeledoPerrot, _c2024. |
||
| 300 | _ap. 69-84 | ||
| 500 | _aCita: TR LALEY AR/DOC/209/2024. | ||
| 505 | _aSumario: XI. Última parte.— XII. Tribunales provinciales y federales con asiento en las provincias.— XIII. Las disposiciones convencionales que aplica la Seguridad Social.— XIV. Apéndice.— XV. Bibliografía. | ||
| 505 | _t¿Te interesa el texto completo? Comunicate al correo: koha@justierradelfuego.gov.ar | ||
| 650 | 0 |
_91316 _aDERECHO LABORAL |
|
| 650 | 0 |
_94695 _aSITUACIÓN DE VULNERABILIDAD |
|
| 650 | 0 |
_93271 _aPERSONAS CON DISCAPACIDAD |
|
| 650 | 0 |
_91803 _aRELACIONES LABORALES |
|
| 650 | 0 |
_91323 _aCONTRATO DE TRABAJO |
|
| 773 | 0 |
_02751 _93202 _dBuenos Aires : AbeledoPerrot, 2013- _tRevista de derecho laboral y seguridad social. Nº 6 - Marzo 2024 |
|
| 942 |
_2udc _cANA |
||